Yours financially: (Record no. 163791)

MARC details
000 -LEADER
fixed length control field 00490nam a22001697a 4500
005 - DATE AND TIME OF LATEST TRANSACTION
control field 20190501113527.0
010 ## - LCCN (DPL NO)
LC control number ENG-125108
020 ## - INTERNATIONAL STANDARD BOOK NUMBER
International Standard Book Number 9789384061661
Terms of availability 499.00
037 ## - SOURCE OF ACQUISITION
Source of stock number/acquisition DBAD/PUB
082 ## - DEWEY DECIMAL CLASSIFICATION NUMBER
Classification number 332.024
100 ## - MAIN ENTRY--PERSONAL NAME
Personal name Ashar,Kalpesh
245 ## - TITLE STATEMENT
Title Yours financially:
Statement of responsibility, etc by Kalpesh Ashar
Remainder of title life finance and films/
260 ## - PUBLICATION, DISTRIBUTION, ETC. (IMPRINT)
Place of publication, distribution, etc Mumbai
Name of publisher, distributor, etc TV 18 Broadcast
Date of publication, distribution, etc 2017
270 ## - ADDRESS
Address 414,1st Floor Empire Mills,Lower Parel
City Mumbai
Postal code 400013
300 ## - PHYSICAL DESCRIPTION
Extent 194p
Other physical details 21cm
942 ## - ADDED ENTRY ELEMENTS (KOHA)
Source of classification or shelving scheme Dewey Decimal Classification
Item type English Books
Call number prefix ASH
Call number suffix 332.024
Holdings
Withdrawn status Lost status Not for loan Collection code Home library Current library Date acquired Source of acquisition Cost, normal purchase price Full call number Barcode Copy number Cost, replacement price Koha item type
    Not For Loan Non-fiction D.B.Act.Division Ashok Vihar 01/05/2019 DBAD/PUB 499.00 332.024 ASH EN-108640 1 499.00 English Books

© Delhi Public Library
Hit Counter
free hit counter